All the risks may not be covered (Record no. 117902)
[ view plain ]
| 000 -LEADER | |
|---|---|
| fixed length control field | 01617cam a2200253 4500 |
| 001 - CONTROL NUMBER | |
| control field | ABS68141 |
| 008 - FIXED-LENGTH DATA ELEMENTS--GENERAL INFORMATION | |
| fixed length control field | 040826n2004 000 0 eng u |
| 035 ## - SYSTEM CONTROL NUMBER | |
| System control number | (Sirsi) u127169 |
| 100 ## - MAIN ENTRY--PERSONAL NAME | |
| Personal name | Atta, K. |
| 245 ## - TITLE STATEMENT | |
| Title | All the risks may not be covered |
| 260 ## - PUBLICATION, DISTRIBUTION, ETC. | |
| Date of publication, distribution, etc. | 2004 |
| 490 ## - SERIES STATEMENT | |
| Series statement | Estates Gazette |
| Volume/sequential designation | (0430) 24 July 2004, 100-102(3) |
| 520 ## - SUMMARY, ETC. | |
| Summary, etc. | Highlights the pitfalls for employers and contractors when looking at Contractor's All-Risks insurance (CAR). CAR is typically required to be taken out by the employer, developer or contractor at the start of a development and will usually protect against physical loss or damage to the works, construction plant and equipment or machinery. For existing buildings CAR will cover reinstatement of the new works and reinstatement of existing structure following specified perils such as fire or flood. Case law is used to illustrate where this type of policy does not always offer the type of cover it is thought to. Advises that parties should always check CAR has been taken out, check the policy is relevant, adequate and appropriate and should be aware of risks involved. |
| 590 ## - LOCAL NOTE (RLIN) | |
| Local note | ABS |
| 590 ## - LOCAL NOTE (RLIN) | |
| Local note | ABS |
| 650 ## - SUBJECT ADDED ENTRY--TOPICAL TERM | |
| Topical term or geographic name entry element | CONTRACTORS ALL RISKS INSURANCE |
| 650 ## - SUBJECT ADDED ENTRY--TOPICAL TERM | |
| Topical term or geographic name entry element | HORBURY BUILDING SYSTEMS LTD V HAMPDEN INSURANCE NV |
| 650 ## - SUBJECT ADDED ENTRY--TOPICAL TERM | |
| Topical term or geographic name entry element | PILKINGTON UK LTD V C G U INSURANCE PLC |
| 650 ## - SUBJECT ADDED ENTRY--TOPICAL TERM | |
| Topical term or geographic name entry element | AMEC CIVIL ENGINEERING LTD V NORWICH UNION FIRE INSURANCE SOCIETY LTD |
| 650 ## - SUBJECT ADDED ENTRY--TOPICAL TERM | |
| Topical term or geographic name entry element | SCOTTISH AND NEWCASTLE PLC V GD CONSTRUCTION (ST ALBANS) LTD |
| 650 ## - SUBJECT ADDED ENTRY--TOPICAL TERM | |
| Topical term or geographic name entry element | CO-OPERATIVE RETAIL SERVICES LTD V TAYLOR YOUNG PARTNERSHIP |
| 690 ## - LOCAL SUBJECT ADDED ENTRY--TOPICAL TERM (OCLC, RLIN) | |
| Topical term or geographic name as entry element | INSURANCE-CASE LAW |
| 942 ## - ADDED ENTRY ELEMENTS (KOHA) | |
| Suppress in OPAC | 0 |
| Withdrawn status | Lost status | Source of classification or shelving scheme | Damaged status | Not for loan | Home library | Current library | Shelving location | Date acquired | Total Checkouts | Full call number | Barcode | Date last seen | Copy number | Price effective from | Koha item type |
|---|---|---|---|---|---|---|---|---|---|---|---|---|---|---|---|
| Dewey Decimal Classification | London | London | Journal article | 26/08/2004 | ABS68141 | 127169-1001 | 06/08/2019 | 1 | 06/08/2019 | Journal article |